Hành trình nghiên cứu văn học thời trung đại /

Bewaard in:
Bibliografische gegevens
Hoofdauteur: Trần Thị Băng Thanh, PGS.PTS.
Formaat: Artikel
Taal:Vietnamese
Onderwerpen:
Tags: Voeg label toe
Geen labels, Wees de eerste die dit record labelt!
Thư viện lưu trữ: Thư viện Trường Đại học Đà Lạt
LEADER 00802nam a2200265 4500
001 DLU090074196
005 ##20090526
040 # # |a DLU  |b vie 
041 # # |a vie 
044 # # |a vn 
100 # # |a Trần Thị Băng Thanh,   |c PGS.PTS. 
245 # # |a Hành trình nghiên cứu văn học thời trung đại /  |c Trần Thị Băng Thanh. 
653 # # |a Lịch sử văn học  
653 # # |a Nghiên cứu văn học  
653 # # |a Văn học trung đại  
773 # # |t Tạp chí văn học  |g Số 1, 1999, tr.31-36 
920 # # |a Phòng Tạp chí -- Trung tâm Thông tin - Thư viện Trường Đại học Đà Lạt 
994 # # |a DLU 
900 # # |a True 
911 # # |a Nguyễn Thị Linh Chi 
925 # # |a G 
926 # # |a A 
927 # # |a BB 
980 # # |a Thư viện Trường Đại học Đà Lạt